000 02338cam a22004574i 4500
003 PE-LiUPU
005 20250731165359.0
008 150923s2013 pe a grm 000 0 spa d
035 _a(Sirsi) a154569
040 _aPE-LiUPU
_bspa
_cPE-LiUPU
_erda
099 _aTE 3
_bCH93 2013
100 1 _aChumbes Velásquez, Marta Luz
_eautor
245 1 _aFactores de riesgo asociados al pandillaje en los alumnos de secundaria de la Institución Educativa Mixta Huaycan de Ate Vitarte /
_cMarta Luz Chumbes Velásquez.
264 0 _a1c2013.
300 _a131 hojas :
_bilustraciones;
_c30 cm
336 _atext
_2rdacontent
337 _aunmediated
_2rdamedia
338 _avolume
_2rdacarrier
502 _aTesis
_b(Mg.) --
_cUniversidad Peruana Unión,
_d2013.
504 _aIncluye referencias
520 3 _aEl presente trabajo de investigación, tiene el propósito de determinar los factores de riesgo asociados al pandillaje en los adolescentes de la Institución Educativa Mixto "Huaycán" de Ate Vitarte, como un aporte de diagnóstico. Esta investigación de tipo comparativa, descriptiva, aborda una población subdividida en dos grupos y se pretende comparar las variables en una ocasión única, con el objeto de contrastar la hipótesis propuesta retrospectiva; porque, la dirección del estudio es de efecto a causa. Es descriptiva porque tiene como objeto describir la variable dependiente, el pandillaje, y los factores de riesgo al que está asociado. La población está conformada por los estudiantes de la I.E. mixto Huaycán del nivel secundario. Se tomó el tamaño de muestra a una población de 68 alumnos en casos y 68 en controles.
526 _aSEG44
526 _aSEG26
526 _aP151
526 _aP150
526 _aP149
526 _aP146
526 _aP145
526 _aP126
526 _aP125
526 _aP92
526 _aP75
526 _aP74
526 _aP27
526 _aP15
650 0 4 _aViolencia escolar
_xAspectos sociales
_vTesis.
596 _a1
942 _2ddc
_cTESIS
999 _aTE 3 CH93 2013
_wALPHANUM
_c7272
_iT01368
_lCCODEBUL3
_mBUL
_r1
_sY
_tTESIS
_u2015-9-23
_xPOSGRADO
_PP57
_o.STAFF. Tesis
_d7272
999 _aTE 3 CH93 2013
_wALPHANUM
_c2
_iT01678
_lCCODEBUL3
_mBUL
_r1
_sY
_tTESIS
_u2015-9-23
_xPOSGRADO
_PP57
_o.STAFF. Tesis
980 _81
_gALBERTO SANCHEZ Responsable de Automatización